Logo biblioteca
Santa Fe 2917, Rosario, Santa Fe
Lu-Vi 8 a 19.45
+54-341-4232362
bibliotecaeudoro@gmail.com
Facebook Biblioteca Pedagógica
Sitio web

La lectura como construcción de sentido / (Registro nro. 32582)

Detalles MARC
000 -CABECERA
campo fijo de control de longitud 01300nab a22002537a 4500
003 - IDENTIFICADOR DEL NÚMERO DE CONTROL
campo de control AR-RoBPED
005 - FECHA Y HORADE LA ULTIMA TRANSACCION
campo de control 20260421094032.0
008 - ELEMENTOS DE LONGITUD FIJA--INFORMACION GENERAL
campo fijo de control de longitud 260421b |||||||| |||| 00| 0 spa d
040 ## - FUENTE CATALOGADORA
Centro catalogador/agencia de origen AR-RoBPED
041 ## - IDIOMA
Código de idioma para texto/pista de sonido o título independiente spa
100 1# - ENCABEZAMIENTO PRINCIPAL--AUTOR PERSONAL
Nombre de persona Origgi, Alicia
9 (RLIN) 30772
Función Licenciada en Letras y especialista en Procesos de Lectura y Escritura
245 13 - TITULO
Título La lectura como construcción de sentido /
260 ## - PUBLICACION
Lugar Buenos Aires :
Editor Noveduc,
Fecha 2024
300 ## - DESCRIPCION FISICA
Extensión 10-14 p.
500 ## - NOTA GENERAL
Nota general El siguiente texto define a la lectura como una práctica cultural socializada que posee clara incidencia en el desarrollo del pensamiento crítico y de la imaginación. Y desde ese posicionamiento, señala que el desarrollo de las competencias lectoras entendidas en términos de proceso solo puede ser el resultado de una tarea en cada nivel de enseñanza, dentro de una concepción amplia de alfabetización que contemple su carácter permanente e interdisciplinario.
650 #7 - TERMINO DE MATERIA--CONTROLADO
Término controlado LECTURA
9 (RLIN) 160
Término controlado ENSEÑANZA
9 (RLIN) 342
Término controlado NIÑOS
9 (RLIN) 62
Término controlado JOVENES
9 (RLIN) 11851
Término controlado LITERATURA
9 (RLIN) 244
773 0# - DOCUMENTO FUENTE
Host Biblionumber 20414
Host Itemnumber 41862
Place, publisher, and date of publication Buenos Aires : Noveduc, 1993-
Título Novedades Educativas
Record control number (AR-RoBPED)20414
International Standard Serial Number 03283534
942 ## - ELEMENTOS KOHA
Fuente de clasificación Universal Decimal Classification
Koha tipo de ítem Revistas
Clasificación 37(05)
Signatura librística Nov 86 N° 399 (Nov.2024)
Número Koha k.32582
945 ## - PROCESAMIENTO DE LA INFORMACIÓN LOCAL
Catalogador y fecha mar 04/2026

No hay ítems disponibles.